| 000 | 01041nam a2200217Ii 4500 | ||
|---|---|---|---|
| 003 | JO-AjNU | ||
| 008 | 230605s9999||||xx |||||||||||||| ||und|| | ||
| 020 | _a978-9957-98-134-1 | ||
| 040 |
_aJO-AjNU _bara _erda _cJO-AjNU |
||
| 041 | _aara | ||
| 050 | 1 | 4 | _aDF552.A363.2019 |
| 100 | 3 |
_aتاليف: احمد، محمد حمدان, _eauthor _960832 |
|
| 245 | 0 | 0 | _aتاريخ بيزنطة السياسي والحضاري(330-1453م) |
| 250 | _aالطبعة الاولى | ||
| 264 | 3 | 1 | _aعمان:دار الاعصار العلمي للنشر والتوزيع، 2019 |
| 300 |
_a394ص _b ويحتوي على قائمة مراجع من ص387ص- 394ص |
||
| 336 |
_atext _btxt _2rdacontent |
||
| 337 |
_aunmediated _bn _2rdamedia |
||
| 338 |
_avolume _bnc _2rdacarrier |
||
| 650 | 4 |
_aحضارة بيزنطية-الحروب الصليبية-النظم الادارية- العلاقات الاجتماعية-العلاقات الاقتصادية -العلاقات السياسية-الامبراطورية البيزنطية- تاريخ _960833 |
|
| 999 |
_aA27460 _c31028 _d31028 |
||